[Event "WRW Progressive"]
[Site "Hailey, ID"]
[Date "2010.10.09"]
[Round "3.2"]
[White "Bartell, Fred"]
[Black "Eacker, Barry D"]
[Result "0-1"]
[WhiteElo "1645"]
[BlackElo "1600"]

1. Nf3 Nf6 2. Nc3 e6 3. e4 d5 4. e5 Nfd7 5. d4 c5 6. Bb5 a6 7. Bxd7+ Bxd7 8.
Be3 cxd4 9. Nxd4 Nc6 10. Nxc6 Bxc6 11. O-O Qc7 12. Bd4 Be7 13. f4 h5 14. a4
Qa5 15. Rf3 h4 16. h3 g6 17. Qe1 Qb4 18. Qf2 Kd7 19. b3 b5 20. Kh2 Rab8 21. a5
Bf8 22. Rd3 Qe7 23. Ba7 Rb7 24. Ne4 Kc8 25. Bc5 Qd8 26. Bxf8 Qxf8 27. Nd6+ Kb8
28. Nxb7 Bxb7 29. Qb6 Qb4 30. c4 Rc8 31. Rf1 Rc6 32. Qd8+ Rc8 33. Qb6 Rc6 34.
Qe3 bxc4 35. bxc4 Rxc4 36. Rb3 Qxa5 37. Rfb1 Rc7 38. Qd4 Qa2 39. R1b2 Qa5 40.
Rb4 Ka8 41. g4 Qa3 42. R4b3 Qa5 43. Qb6 Qxb6 44. Rxb6 Ka7 45. Kg1 Bc6 46. R6b4
a5 47. Rd4 Ka6 48. Kf2 a4 49. f5 g5 50. fxe6 fxe6 51. Ra2 Rf7+ 52. Ke3 Ka5 53.
Ra3 Rb7 54. Rdd3 Bb5 {(And Black mated White in 20 or so moves. Black was very
low on time.--Roland)} {#R} 0-1

[Event "WRW Progressive"]
[Site "Hailey, ID"]
[Date "2010.10.09"]
[Round "4.1"]
[White "Eacker, Barry D"]
[Black "Baggett, Jeff M"]
[Result "0-1"]
[WhiteElo "1600"]
[BlackElo "1606"]

1. d4 Nf6 2. Bf4 g6 3. e3 Bg7 4. Nd2 d5 5. Ngf3 a6 6. c3 O-O 7. Be2 Nbd7 8.
Qb3 c6 9. Ne5 Nh5 10. Nxd7 Nxf4 11. Nxf8 Nxg2+ 12. Kd1 Kxf8 13. Nf3 e6 14. h4
Bf6 15. Ng5 Bxg5 16. hxg5 Qxg5 17. Kd2 Qf6 18. Raf1 h5 19. Qb4+ Kg7 20. Qd6
Nh4 21. f4 Nf5 22. Qc7 Ng3 23. Rfg1 Nxh1 24. Rxh1 Kf8 25. Qb6 Qe7 26. a3 Kg7
27. Rg1 Kh6 28. Qb3 c5 29. Qc2 c4 30. Rg5 e5 31. fxe5 Qxg5 {#R} 0-1

[Event "SIO (Open)"]
[Site "Twin Falls, ID"]
[Date "2010.11.13"]
[Round "1.1"]
[White "Buckendorf Jr., Glen"]
[Black "Eacker, Barry D"]
[Result "1/2-1/2"]
[WhiteElo "1800"]
[BlackElo "1600"]

1. e4 e6 2. d4 d5 3. e5 c5 4. c3 Nc6 5. Nf3 Qb6 6. Be2 cxd4 7. cxd4 Bb4+ 8.
Nc3 Nge7 9. O-O Nf5 10. Na4 Qa5 11. a3 Be7 12. b4 Qc7 13. Bb2 Bd7 14. Rc1 a6
15. Nc5 O-O 16. Nxd7 Qxd7 17. Bd3 Rac8 18. Bxf5 exf5 19. Qd3 Na7 20. Rxc8 Rxc8
21. Rc1 Rxc1+ 22. Bxc1 Qc6 23. Bb2 {#d} 1/2-1/2

[Event "SIO (Open)"]
[Site "Twin Falls, ID"]
[Date "2010.11.13"]
[Round "2.4"]
[White "Eacker, Barry D"]
[Black "Booth, Tom R"]
[Result "1/2-1/2"]
[WhiteElo "1600"]
[BlackElo "1567"]

1. d4 e6 2. Bf4 d5 3. e3 Nf6 4. Nd2 Be7 5. Bd3 O-O 6. Ngf3 Nbd7 7. Ne5 c5 8.
c3 cxd4 9. exd4 a6 10. Qe2 Qb6 11. Rb1 Qa5 12. a3 Qd8 13. Ndf3 Nxe5 14. Nxe5
Bd7 15. g4 Bb5 16. Bxb5 axb5 17. f3 Nd7 18. Bg3 Nxe5 19. Qxe5 Qc8 20. Qe2 Qc4
21. Qxc4 bxc4 22. O-O f5 23. gxf5 exf5 24. Rfe1 Bg5 25. Re5 {#d} 1/2-1/2

[Event "SIO (Open)"]
[Site "Twin Falls, ID"]
[Date "2010.11.13"]
[Round "4.2"]
[White "Eacker, Barry D"]
[Black "Tatom, Gene L"]
[Result "1/2-1/2"]
[WhiteElo "1600"]
[BlackElo "1600"]

1. d4 Nf6 2. Bf4 e6 3. e3 Bb4+ 4. c3 Be7 5. Nd2 d6 6. Bd3 Nbd7 7. Ngf3 b6 8.
Qe2 a5 9. O-O O-O 10. Rfe1 Nh5 11. Bxh7+ Kh8 12. Bd3 Nxf4 13. exf4 Bb7 14. Ne5
Nf6 15. Nxf7+ Rxf7 16. Qxe6 Kg8 17. Bg6 Bd5 18. Bxf7+ Kf8 19. Qh3 Bxf7 20. Re2
Qd7 21. Qh8+ Bg8 22. Rae1 Re8 23. Nf3 d5 24. Ng5 Bd6 25. Ne6+ Rxe6 26. Rxe6
Qf7 27. Qh4 Qd7 28. Rxf6+ gxf6 29. Qxf6+ Qf7 30. Qd8+ Kg7 31. Re8 Bh7 32. Qg5+
{#d} 1/2-1/2

[Event "Idaho Closed"]
[Site "Twin Falls, ID"]
[Date "2011.02.19"]
[Round "2.1"]
[White "Eacker, Barry D"]
[Black "Parsons, Larry R"]
[Result "1/2-1/2"]
[WhiteElo "1609"]
[BlackElo "2005"]

1. d4 Nf6 2. Bf4 c5 3. e3 g6 4. Be2 Bg7 5. c3 b6 6. Nf3 O-O 7. Nbd2 Nh5 8. Bg5
h6 9. g4 Nf6 10. Bxh6 Bxh6 11. g5 Bg7 12. gxf6 Bxf6 13. Rg1 cxd4 14. exd4 Kg7
15. Bd3 d5 16. Qc2 Qe8 17. O-O-O Ba6 18. h4 {#d} 1/2-1/2

[Event "Idaho Closed"]
[Site "Twin Falls, ID"]
[Date "2011.02.20"]
[Round "4.2"]
[White "Eacker, Barry D"]
[Black "Douglas, Kurt P"]
[Result "0-1"]
[WhiteElo "1609"]
[BlackElo "1671"]

1. d4 Nf6 2. Bf4 e6 3. e3 d5 4. Nd2 Nbd7 5. Bd3 c5 6. c3 b6 7. Ngf3 Bb7 8. Ne5
Be7 9. Qf3 Rc8 10. Qh3 Nxe5 11. dxe5 Ne4 12. Nxe4 dxe4 13. Bc4 O-O 14. Rd1 Qc7
15. O-O Rcd8 16. Bxe6 fxe6 17. Qxe6+ Kh8 18. Qg4 Rxd1 19. Rxd1 Rd8 20. e6
Rxd1+ 21. Qxd1 Qd8 22. Qxd8+ Bxd8 23. Bb8 a6 24. Ba7 Bc6 25. Bb8 Be7 26. Be5
Bd5 27. a3 Bxe6 28. Kf1 Kg8 29. Ke2 Kf7 30. Kd2 g6 31. Ke2 Bc4+ 32. Kd2 Ke6
33. Bc7 b5 34. Ke1 Bd6 35. Bb6 Kd5 36. g3 b4 37. axb4 cxb4 38. Ba5 bxc3 39.
bxc3 Bb3 40. Kd2 Kc4 41. h3 Kb5 42. Bd8 a5 43. Kc1 a4 44. Kb2 Kc4 {#R} 0-1

[Event "Idaho Closed"]
[Site "Twin Falls, ID"]
[Date "2011.02.21"]
[Round "6.6"]
[White "Eacker, Barry D"]
[Black "Hamilton, Brett B"]
[Result "0-1"]
[WhiteElo "1609"]
[BlackElo "1951"]

1. d4 Nf6 2. Bf4 g6 3. e3 Bg7 4. Nd2 d6 5. Be2 O-O 6. Ngf3 Nbd7 7. c3 b6 8. h4
Nh5 9. Qc2 Bb7 10. g4 Nxf4 11. exf4 c5 12. dxc5 Nxc5 13. h5 e5 14. hxg6 fxg6
15. fxe5 Bxe5 16. Bc4+ Kg7 17. Rh3 Bf4 18. O-O-O Be4 {#R} 0-1

[Event "ICU MVCC Ch (Open)"]
[Site "Twin Falls, ID"]
[Date "2011.03.26"]
[Round "1.2"]
[White "Eacker, Barry D"]
[Black "Vereshchagin, Aleksandr"]
[Result "0-1"]
[WhiteElo "1652"]
[BlackElo "1433"]

1. d4 d5 2. Bf4 Nf6 3. e3 e6 4. Bd3 Bd6 5. Bg3 Bxg3 6. hxg3 Qd6 7. Nf3 Qb4+ 8.
Nc3 Qxb2 9. Nb5 Qb4+ 10. c3 Qe7 11. a4 c6 12. Na3 Nbd7 13. Qc2 h6 14. Ng5 e5
15. Nxf7 Kxf7 16. Bg6+ Kf8 17. Qe2 exd4 18. cxd4 Ne4 19. Qf3+ Ndf6 20. Nc2 Qd6
21. Rh4 Ke7 22. Qe2 Bd7 23. g4 Rhf8 24. f3 Qg3+ {#R} 0-1

[Event "ICU MVCC Ch (Open)"]
[Site "Twin Falls, ID"]
[Date "2011.03.26"]
[Round "2.3"]
[White "Eacker, Barry D"]
[Black "Dugger, Gary"]
[Result "1-0"]
[WhiteElo "1652"]
[BlackElo "1280"]

1. d4 d5 2. Bf4 e6 3. e3 Bd6 4. Bg3 a6 5. Nf3 c5 6. c3 Nc6 7. Nbd2 Nge7 8. Bd3
O-O 9. Bxh7+ Kxh7 10. Ng5+ Kg6 11. Ndf3 cxd4 12. Qd3+ f5 13. exd4 e5 14. dxe5
Bxe5 15. Qe3 f4 16. Nxe5+ Kxg5 17. h4+ Kh6 18. Bxf4+ Kh7 19. O-O-O Nxe5 20.
Bxe5 Ng6 21. Bd4 Kg8 22. h5 Nh4 23. h6 g6 24. Qe5 Qf6 25. h7+ Kxh7 26. Rxh4+
Kg7 27. Qc7+ Rf7 28. Bxf6+ Kxf6 29. Rf4+ Bf5 30. Qd6+ Kg7 31. Qe5+ Rf6 32. g4
Raf8 33. gxf5 g5 34. Rg4 Kf7 35. Rxg5 Re8 36. Qxd5+ Rfe6 37. fxe6+ Rxe6 38.
Qf5+ Rf6 39. Rd7+ Ke8 40. Rg8+ Rf8 41. Qf7# 1-0

[Event "ICU MVCC Ch (Open)"]
[Site "Twin Falls, ID"]
[Date "2011.03.27"]
[Round "4.2"]
[White "Stark, Jim"]
[Black "Eacker, Barry D"]
[Result "1/2-1/2"]
[WhiteElo "1617"]
[BlackElo "1652"]

1. d4 g6 2. c4 Bg7 3. Nc3 d6 4. e4 Nc6 5. Nf3 e5 6. d5 Nce7 7. Be2 f5 8. exf5
Bxf5 9. O-O Nf6 10. Ne1 O-O 11. f3 Bd7 12. Nc2 c6 13. Rb1 cxd5 14. cxd5 Rc8
15. Kh1 a6 16. Ne3 Nf5 17. Nxf5 Bxf5 18. Bd3 Bd7 19. Be2 Bf5 20. Bd3 Bd7 {#d}
1/2-1/2

[Event "Idaho Open (Open)"]
[Site "Pocatello, ID"]
[Date "2011.04.16"]
[Round "2.4"]
[White "Black, Stephen Rex"]
[Black "Eacker, Barry D"]
[Result "0-1"]
[WhiteElo "1194"]
[BlackElo "1612"]

1. d4 g6 2. c3 Bg7 3. g3 d6 4. Bg2 Nc6 5. Bxc6+ bxc6 6. Qb3 Nf6 7. f3 O-O 8.
h4 h5 9. Nh3 Bxh3 10. Rxh3 Qd7 11. Rh2 e5 12. e4 Rfe8 13. Bg5 d5 14. Bxf6 Bxf6
15. Qa4 exd4 16. Qd1 dxe4 17. cxd4 exf3+ 18. Kf1 Qg4 19. Nd2 Qxg3 20. Nxf3
Rad8 21. Qb3 Qf4 22. Rf2 Re3 23. Qd1 Bxh4 24. Nxh4 Qxh4 25. Kg1 Rg3+ 26. Rg2
Rxg2+ 27. Kxg2 Rxd4 28. Qh1 Rd2+ 29. Kf3 Qf2+ 30. Ke4 Rd4+ 31. Ke5 Qf4# 0-1

[Event "Idaho Open (Open)"]
[Site "Pocatello, ID"]
[Date "2011.04.16"]
[Round "3.3"]
[White "Owen, Gary"]
[Black "Eacker, Barry D"]
[Result "1/2-1/2"]
[WhiteElo "1589"]
[BlackElo "1612"]

1. e4 e6 2. d4 d5 3. e5 c5 4. Nf3 Nc6 5. c3 Be7 6. Be2 Qc7 7. O-O Bd7 8. Be3
c4 9. Nbd2 b5 10. Qc2 h5 11. h4 Nh6 12. Bxh6 Rxh6 13. g3 Qd8 14. Kg2 f5 15.
Rh1 Kf7 16. Rh2 g5 17. hxg5 Bxg5 18. Rah1 Qe7 19. Nxg5+ Qxg5 20. Bxh5+ Ke7 21.
Nf3 Qg7 22. Qd2 Rah8 23. Qg5+ Qxg5 24. Nxg5 Nd8 25. f4 Be8 26. Bxe8 Rxh2+ 27.
Rxh2 Rxh2+ 28. Kxh2 Kxe8 29. Kh3 Ke7 30. Kh4 a5 31. Kh5 a4 32. Kg6 Nc6 33. a3
b4 34. Nf3 bxc3 35. bxc3 Na7 36. Nd2 Nb5 37. Nb1 Nc7 {#d} 1/2-1/2

[Event "Idaho Open (Open)"]
[Site "Pocatello, ID"]
[Date "2011.04.17"]
[Round "5.3"]
[White "Eacker, Barry D"]
[Black "Niro III, Frank A"]
[Result "1/2-1/2"]
[WhiteElo "1612"]
[BlackElo "1700"]

1. d4 f5 2. Bf4 d6 3. e3 Nf6 4. Nd2 g6 5. Be2 Bg7 6. c3 O-O 7. Ngf3 Nh5 8. Bg3
Bf6 9. Qb3+ e6 10. O-O-O Nc6 11. h4 Qe7 12. Bf4 Nxf4 13. exf4 h6 14. Rde1 Qg7
15. Bc4 Nd8 16. Rhg1 d5 17. Bd3 h5 18. g3 {#d} 1/2-1/2

[Event "ICU Twin Falls City Ch"]
[Site "Twin Falls, ID"]
[Date "2011.06.25"]
[Round "1.6"]
[White "Eacker, Barry D"]
[Black "Patterson, Kevin R"]
[Result "1-0"]
[WhiteElo "1642"]
[BlackElo "1196"]

1. d4 c6 2. Bf4 d5 3. e3 Bf5 4. Bd3 Bxd3 5. Qxd3 e6 6. Nd2 Bd6 7. Ngf3 Bxf4 8.
exf4 Nd7 9. O-O Qf6 10. Qe3 Ne7 11. Ne5 Rd8 12. Nb3 Ng6 13. Nxd7 Rxd7 14. Nc5
Rc7 15. g3 O-O 16. Nd3 Qe7 17. Rfe1 b6 18. Ne5 Re8 19. c3 Nf8 20. Re2 h5 21.
Rae1 Qf6 22. Qf3 g6 23. g4 Qg7 24. gxh5 gxh5+ 25. Kh1 f6 26. Rg1 Qxg1+ 27.
Kxg1 fxe5 28. Rxe5 {#r} 1-0

[Event "ICU Twin Falls City Ch"]
[Site "Twin Falls, ID"]
[Date "2011.06.25"]
[Round "2.3"]
[White "Flores, Israel"]
[Black "Eacker, Barry D"]
[Result "1-0"]
[WhiteElo "1200"]
[BlackElo "1642"]

1. e4 e6 2. Nf3 d5 3. exd5 exd5 4. Be2 Nf6 5. d4 Be7 6. O-O O-O 7. Re1 Bg4 8.
Ne5 Bxe2 9. Qxe2 Re8 10. Be3 Nbd7 11. Nxd7 Qxd7 12. Nd2 Bd6 13. Qd3 Ng4 14. h3
Nxe3 15. Rxe3 Rxe3 16. fxe3 Re8 17. b3 Qe6 18. Re1 Bf4 19. Nf3 Bh6 20. c4 c6
21. Ne5 g6 22. e4 dxe4 23. Rxe4 f6 24. Ng4 Qd6 25. Rxe8+ Kf7 26. Qe4 Bg7 27.
Ne3 f5 28. Nxf5 gxf5 29. Qe2 Qxd4+ 30. Kh1 Kg6 31. Re6+ Bf6 32. g4 Qf4 33.
gxf5+ Kxf5 34. Re8 Qc1+ 35. Kg2 Kg6 36. Qg4+ Kh6 37. Re6 Qd2+ 38. Qe2 Qg5+ 39.
Qg4 Qd2+ 40. Re2 Qd6 41. Qe6 Qf4 42. Rf2 Qg5+ 43. Kh2 {#r} 1-0

[Event "ICU Twin Falls City Ch"]
[Site "Twin Falls, ID"]
[Date "2011.06.25"]
[Round "3.4"]
[White "Eacker, Barry D"]
[Black "Pentico, Christopher"]
[Result "1-0"]
[WhiteElo "1642"]
[BlackElo "1434"]

1. d4 Nf6 2. Bf4 d6 3. e3 Nd5 4. Bg3 Nd7 5. Nf3 c6 6. c4 Qa5+ 7. Nbd2 Nc7 8.
Qc2 e5 9. a3 exd4 10. b4 Qb6 11. c5 dxc5 12. Nc4 {#r} 1-0

[Event "ICU Twin Falls City Ch"]
[Site "Twin Falls, ID"]
[Date "2011.06.25"]
[Round "4.2"]
[White "Roland, Jeffrey T"]
[Black "Eacker, Barry D"]
[Result "1/2-1/2"]
[WhiteElo "1679"]
[BlackElo "1642"]

1. d4 g6 2. e4 Bg7 3. Nc3 d6 4. f4 Nc6 5. Nf3 e5 6. dxe5 dxe5 7. Qxd8+ Kxd8 8.
fxe5 Nxe5 9. Bf4 Nxf3+ 10. gxf3 Bxc3+ 11. bxc3 Be6 12. Be2 Kc8 13. Be5 f6 14.
Bd4 a5 15. f4 b6 16. Rg1 c5 17. Be3 Ne7 18. Bf3 Rf8 19. a3 Bc4 20. O-O-O Kc7
21. e5 Rad8 22. exf6 Rxd1+ 23. Rxd1 Nf5 {#d} 1/2-1/2

[Event "ICU MVCC Ch (Champ)"]
[Site "Twin Falls, ID"]
[Date "2012.03.24"]
[Round "2.2"]
[White "Furlow, Blake"]
[Black "Eacker, Barry D"]
[Result "1/2-1/2"]
[WhiteElo "1684"]
[BlackElo "1633"]

1. e4 e6 2. d4 d5 3. exd5 exd5 4. Bd3 Nf6 5. Bg5 Be7 6. Nd2 Nbd7 7. Qf3 O-O 8.
Ne2 Re8 9. O-O-O Ne4 10. h4 Ndf6 11. Bxf6 Nxf6 12. g3 Bg4 13. Qg2 Bxe2 14.
Bxe2 Bd6 15. f3 Nh5 16. Rhg1 {#d} 1/2-1/2

[Event "ICU MVCC Ch (Champ)"]
[Site "Twin Falls, ID"]
[Date "2012.03.24"]
[Round "3.3"]
[White "Eacker, Barry D"]
[Black "Myers, Hugh S"]
[Result "1/2-1/2"]
[WhiteElo "1633"]
[BlackElo "1621"]

1. d4 d5 2. Nc3 e6 3. Nf3 Nf6 4. Bg5 Be7 5. e3 O-O 6. Be2 Nbd7 7. O-O c6 8.
Ne5 Nxe5 9. dxe5 Nd7 10. Bxe7 Qxe7 11. f4 f5 12. Qe1 b5 13. a3 a6 14. g4 g6
15. gxf5 exf5 16. Qg3 {#d} 1/2-1/2

[Event "ICU MVCC Ch (Champ)"]
[Site "Twin Falls, ID"]
[Date "2012.03.24"]
[Round "4.3"]
[White "Looney, Daniel S"]
[Black "Eacker, Barry D"]
[Result "1/2-1/2"]
[WhiteElo "1633"]
[BlackElo "1633"]

1. e4 e6 2. d4 d5 3. e5 c5 4. c3 Qb6 5. Nf3 Nc6 6. a3 c4 7. Qc2 Bd7 8. Nbd2
Na5 9. Be2 Be7 10. Bd1 Nb3 11. Nxb3 Ba4 12. Qd2 Bxb3 13. O-O Nh6 14. Bc2 Rc8
15. Qd1 Nf5 16. Nd2 Bxc2 17. Qxc2 a5 18. Qa4+ Qc6 {#d} 1/2-1/2

[Event "Idaho Open (Open)"]
[Site "Pocatello, ID"]
[Date "2012.04.21"]
[Round "1.6"]
[White "Black, Gatlin Scott"]
[Black "Eacker, Barry D"]
[Result "0-1"]
[WhiteElo "1017"]
[BlackElo "1616"]

1. e4 e6 2. Nc3 d5 3. e5 c5 4. Bb5+ Bd7 5. Bxd7+ Qxd7 6. Nf3 Be7 7. b3 Nh6 8.
Bb2 Nc6 9. d4 cxd4 10. Ne2 Bb4+ 11. Kf1 Nf5 12. Nfxd4 Nfxd4 13. Nxd4 Nxe5 14.
Ne2 f6 15. Qd4 Rc8 16. Qxb4 Rxc2 17. Bxe5 fxe5 18. Qa4 Qxa4 19. bxa4 Kd7 20.
f3 Rhc8 21. Kf2 d4 22. Rhc1 d3 23. Rd1 Rxe2+ 24. Kg3 d2 25. f4 e4 26. Rab1 Rc2
27. Rxb7+ Kc6 28. Rbb1 Rxa2 29. a5 Ra3+ 30. Kh4 Rxg2 31. h3 Rxa5 32. Rb2 e3
33. Rc2+ Kd5 34. Rc3 Kd4 35. Rb3 g6 36. Rb4+ Kd3 37. f5 Rxf5 38. Rg4 Rh5# 0-1

[Event "Idaho Open (Open)"]
[Site "Pocatello, ID"]
[Date "2012.04.21"]
[Round "2.3"]
[White "Eacker, Barry D"]
[Black "Kircher, Caleb Paul"]
[Result "0-1"]
[WhiteElo "1616"]
[BlackElo "1777"]

1. d4 Nf6 2. Nc3 d5 3. Bg5 Bf5 4. f3 c6 5. e3 Nbd7 6. Bd3 Bxd3 7. Qxd3 e5 8.
O-O-O Be7 9. Nge2 Qa5 10. Kb1 O-O 11. h4 Rfe8 12. Bxf6 Bxf6 13. g4 exd4 14.
Nxd4 Nc5 15. Qd2 Bxd4 16. Qxd4 Ne6 17. Qd3 Rad8 18. Qf5 b5 19. Ne2 Qb6 20. Nd4
Nxd4 21. exd4 Re6 22. Rhe1 Qxd4 23. c3 Qf6 24. Qxf6 gxf6 25. Rxe6 fxe6 26. Re1
e5 27. Kc2 Kf7 28. b4 Re8 29. Kd3 h5 30. gxh5 Rh8 31. Rg1 Rxh5 32. Rh1 Ke6 33.
Ke3 Kf5 34. a3 Kg6 35. Rg1+ Kh6 36. Rh1 Rf5 37. Rg1 Rf4 38. Rg4 Rc4 39. Kd3 a6
40. Kd2 Kh5 41. Rg8 Rxh4 42. Re8 Rc4 43. Ra8 Kg5 44. Rg8+ Kf4 45. Rf8 f5 46.
Rf6 e4 47. fxe4 dxe4 48. Re6 Kf3 49. Re5 f4 50. Re6 e3+ 51. Kd3 Kf2 52. Re5 f3
{#R} 0-1

[Event "Idaho Open (Open)"]
[Site "Pocatello, ID"]
[Date "2012.04.21"]
[Round "3.2"]
[White "Eacker, Barry D"]
[Black "Roland, Jeffrey T"]
[Result "0-1"]
[WhiteElo "1616"]
[BlackElo "1700"]

1. d4 Nf6 2. Nc3 d5 3. Bg5 e6 4. f3 c5 5. e3 Bd7 6. Qd2 Nc6 7. f4 cxd4 8. exd4
Be7 9. Nf3 Rc8 10. Be2 h6 11. Bxf6 Bxf6 12. O-O O-O 13. Kh1 Ne7 14. Ne5 Bxe5
15. fxe5 Qb6 16. Rf4 Qxb2 17. Raf1 Qxc3 18. Qc1 Qxc2 19. Qe1 g5 20. Rf6 Nf5
21. Bh5 Bb5 22. Rg1 Kg7 23. Qb4 Qc4 24. Qb1 Qd3 25. Qb4 Qxd4 26. Qxb5 Qxe5 27.
Rxf7+ Rxf7 28. Bxf7 Rf8 29. Bh5 Qc7 30. Qd3 Qc4 31. Qb1 Qc6 32. Rc1 Qd7 33.
Kg1 Qd6 34. Qxb7+ Kg8 35. Qxa7 Qe5 36. Rf1 Qe3+ 37. Qxe3 Nxe3 38. Re1 d4 39.
Bf3 Rf5 40. Be4 Ra5 41. Re2 e5 42. Kf2 Nd1+ 43. Kf3 Ra3+ 44. Kg4 Kg7 45. Kf5 {
(Time Forfeit)} {#R} 0-1

[Event "Idaho Open (Open)"]
[Site "Pocatello, ID"]
[Date "2012.04.22"]
[Round "4.5"]
[White "Puderbaugh, Kory"]
[Black "Eacker, Barry D"]
[Result "0-1"]
[WhiteElo "1288"]
[BlackElo "1616"]

1. f4 g6 2. Nf3 Bg7 3. e3 Nf6 4. b3 O-O 5. Bb2 d6 6. Be2 c5 7. O-O Nc6 8. d3
Nd5 9. Bxg7 Kxg7 10. Qd2 f5 11. Na3 b6 12. Nc4 Bb7 13. Ng5 Qd7 14. h4 h6 15.
Nh3 b5 16. Na3 a6 17. Bf3 Qe6 18. Bxd5 Qxd5 19. h5 Rf6 20. Rf3 Kh7 21. hxg6+
Rxg6 22. Qf2 Rag8 23. Ng5+ hxg5 24. fxg5 Rxg5 25. Qh4+ Kg6 26. Raf1 Ne5 27.
Qxg5+ Kxg5 28. Rxf5+ Kh6 29. e4 Qd4+ 30. R1f2 Ng4 {#R} 0-1

[Event "Idaho Open (Open)"]
[Site "Pocatello, ID"]
[Date "2012.04.22"]
[Round "5.3"]
[White "Bartell, Fred"]
[Black "Eacker, Barry D"]
[Result "0-1"]
[WhiteElo "1682"]
[BlackElo "1616"]

1. e4 e6 2. d4 d5 3. e5 c5 4. c3 Nc6 5. Nf3 Be7 6. Be3 Qb6 7. Qb3 Bd7 8. Nbd2
c4 9. Qxb6 axb6 10. Be2 Nh6 11. Bxh6 gxh6 12. O-O O-O 13. b3 b5 14. Rfb1 Na5
15. bxc4 bxc4 16. Nf1 Ra7 17. Ng3 Rfa8 18. Bd1 b5 19. Nh5 Bc6 20. g4 Nb7 21.
Rb2 Ra3 22. Rc2 b4 23. cxb4 Ba4 24. Ne1 Bxc2 25. Nxc2 Rxa2 26. Rb1 Rb8 27.
Nf6+ Bxf6 28. exf6 Na5 29. Ne3 Nc6 30. Nc2 Ra7 31. b5 Rab7 32. Na3 Nxd4 {#R}
0-1

[Event "Southern Idaho Open"]
[Site "Twin Falls, ID"]
[Date "2012.11.03"]
[Round "2.5"]
[White "Looney, Daniel S"]
[Black "Eacker, Barry D"]
[Result "0-1"]
[WhiteElo "1615"]
[BlackElo "1619"]

1. e4 e6 2. d3 d5 3. Nd2 Nf6 4. Qe2 Be7 5. g3 Bd7 6. Bg2 Bc6 7. e5 Nfd7 8. f4
Na6 9. a3 Nb6 10. Ngf3 Qd7 11. O-O O-O-O 12. b4 Na4 13. Qf2 b6 14. c4 dxc4 15.
dxc4 Bb7 16. Nb3 Qd3 17. Nbd4 Qxc4 18. Be3 Nc3 19. Nd2 Qd3 20. Bxb7+ Kxb7 21.
Qf3+ Nd5 22. Rfd1 Qxe3+ 23. Qxe3 Nxe3 24. b5 Nb8 25. Nc6 Nxd1 26. Nxd8+ Rxd8
{#R} 0-1

[Event "Southern Idaho Open"]
[Site "Twin Falls, ID"]
[Date "2012.11.03"]
[Round "3.3"]
[White "Eacker, Barry D"]
[Black "Ayers, Mark"]
[Result "1/2-1/2"]
[WhiteElo "1619"]
[BlackElo "1873"]

1. d4 d5 2. Nc3 Nf6 3. Bg5 h6 4. Bxf6 exf6 5. e3 Bf5 6. Bd3 Qd7 7. Nge2 a6 8.
Ng3 Bxd3 9. Qxd3 Nc6 10. a3 g6 11. e4 dxe4 12. Qxe4+ Qe6 13. d5 Qxe4+ 14.
Ngxe4 Nd4 15. O-O-O Nf5 16. Nxf6+ Ke7 17. Ng4 Bg7 18. Rhe1+ Kf8 19. Ne4 Rd8
20. Nc5 Nd6 21. Ne5 Kg8 22. Rd3 h5 23. Rb3 Nb5 24. Rd3 Nd6 25. Rb3 {#d}
1/2-1/2

[Event "Idaho Closed"]
[Site "Twin Falls, ID"]
[Date "2013.02.17"]
[Round "3.3"]
[White "Gorman, Cody Austin"]
[Black "Eacker, Barry D"]
[Result "1-0"]
[WhiteElo "1712"]
[BlackElo "1645"]

1. d4 g6 2. e4 Bg7 3. g3 d6 4. Bg2 Nf6 5. Ne2 O-O 6. O-O e5 7. c4 Nc6 8. d5
Ne7 9. Qc2 Nh5 10. c5 f5 11. cxd6 cxd6 12. Nbc3 Bd7 13. Qb3 b6 14. Bd2 f4 15.
f3 g5 16. Nb5 Nc8 17. a4 a6 18. Na3 Nf6 19. Nc4 h5 20. Bb4 Ne8 21. Be1 Rf6 22.
Bf2 b5 23. axb5 Bxb5 24. Nc3 Nc7 25. Ra5 Rb8 26. Nxb5 Rxb5 27. Rxb5 Nxb5 28.
Ra1 Nc7 29. Na5 Ne7 30. Bf1 Qd7 31. Nc6 Rf8 32. Bxa6 Ra8 33. Qb7 Nc8 34. Nb8
Qd8 35. Rc1 {#r} 1-0

[Event "Idaho Closed"]
[Site "Twin Falls, ID"]
[Date "2013.02.17"]
[Round "4.6"]
[White "Douglas, Kurt P"]
[Black "Eacker, Barry D"]
[Result "1/2-1/2"]
[WhiteElo "1751"]
[BlackElo "1645"]

1. e4 e6 2. d4 d5 3. Nc3 Bb4 4. e5 c5 5. a3 Bxc3+ 6. bxc3 Nc6 7. f4 Qa5 8. Bd2
Qa4 9. Nf3 Nge7 10. Be3 c4 11. Be2 Bd7 12. O-O O-O-O 13. Qc1 Nf5 14. Bf2 h5
15. Nh4 g6 16. Qb2 Nce7 17. Rfb1 Bc6 {#d} 1/2-1/2

[Event "Idaho Closed"]
[Site "Twin Falls, ID"]
[Date "2013.02.18"]
[Round "5.7"]
[White "Eacker, Barry D"]
[Black "Nathan, Jacob Ari"]
[Result "1/2-1/2"]
[WhiteElo "1645"]
[BlackElo "963"]

1. d4 Nc6 2. Nc3 Nf6 3. Bg5 h6 4. Bxf6 exf6 5. e4 Bb4 6. Nf3 d5 7. exd5 Qxd5
8. a3 Bxc3+ 9. bxc3 Bg4 10. Be2 O-O-O 11. O-O Rhe8 12. h3 Bh5 13. Re1 Re6 14.
c4 Qa5 15. d5 Bxf3 16. Bxf3 Ne5 17. Bg4 Nxg4 18. Qxg4 f5 19. Qd1 Qc3 20. Rb1
Qxc4 21. Qh5 Qxd5 22. Rbd1 Qa5 23. Rxd8+ Kxd8 24. Rd1+ Ke8 25. Qf3 Re1+ 26.
Rxe1+ Qxe1+ 27. Kh2 Qc1 28. Qxf5 Qxa3 29. Qc8+ Ke7 30. Qxc7+ Kf6 31. Qxb7 Qc5
32. Qf3+ Kg6 33. Qd3+ Qf5 34. Qa6+ {#d} 1/2-1/2

[Event "Idaho Closed"]
[Site "Twin Falls, ID"]
[Date "2013.02.18"]
[Round "6.7"]
[White "Eacker, Barry D"]
[Black "Knoll, Lucas"]
[Result "1-0"]
[WhiteElo "1645"]
[BlackElo "1060"]

1. d4 Nf6 2. Nc3 d5 3. Bg5 e6 4. e3 Bb4 5. Bd3 Bxc3+ 6. bxc3 h6 7. Bxf6 Qxf6
8. Nf3 O-O 9. Ne5 Qg5 10. O-O Nc6 11. f4 Qe7 12. Qg4 Nxe5 13. fxe5 f5 14. exf6
Rxf6 15. Rxf6 Qxf6 16. Rf1 Qg5 17. Qf3 Qf6 18. Qh5 Qxf1+ 19. Kxf1 Kf8 20. Qe5
Bd7 21. Bg6 Bb5+ 22. Kf2 Ke7 23. Qxc7+ Kf6 24. Qf7+ Kg5 25. h4+ {#r} 1-0

[Event "MVCC Ch (Championship)"]
[Site "Twin Falls, Idaho"]
[Date "2013.03.23"]
[Round "1.2"]
[White "Rambo, Alan Gene"]
[Black "Eacker, Barry D"]
[Result "1/2-1/2"]
[WhiteElo "1715"]
[BlackElo "1624"]

1. d4 g6 2. Nf3 Bg7 3. e4 d6 4. Nc3 Nf6 5. Bg5 O-O 6. Qd2 c5 7. d5 Qa5 8. Bd3
e6 9. O-O exd5 10. Bxf6 Bxf6 11. Nxd5 Bd8 12. Qxa5 Bxa5 13. c3 Be6 14. Rfe1
Nc6 15. Rad1 Kg7 16. h3 Rfe8 17. Bb5 a6 18. Bxc6 bxc6 19. Nf4 Rad8 20. Nxe6+
fxe6 21. e5 d5 22. Re2 Bb6 23. Red2 a5 24. Kf1 Rd7 25. Ke2 Red8 26. Ng5 Re8
27. Nf3 h6 {#d} 1/2-1/2